Music Quiz

Random Music or US Presidents Quiz
Score 0/6 Timer 03:00
0 Plays Today
Event President % Correct
Swearing-in Ceremony, Inaugural ParadeGeorge H. W. Bush
88.9%
Inaugural ParadeGeorge W. Bush
88.9%
Swearing-in CeremonyRichard Nixon
77.8%
Inaugural ParadeRonald Reagan
77.8%
Swearing-in CeremonyDonald Trump
77.8%
Swearing-in CeremonyLyndon B. Johnson
66.7%
Remove Ads.
Support Sporcle.
Get the best of Sporcle when you Go Orange. This ad-free experience offers more features, more stats, and more fun while also helping to support Sporcle. Thank you for becoming a member.

You're not logged in!

Compare scores with friends on all Sporcle quizzes.
OR
Log In

Show Comments

Extras

Top Quizzes Today


Score Distribution

Your Account Isn't Verified!

In order to create a playlist on Sporcle, you need to verify the email address you used during registration. Go to your Sporcle Settings to finish the process.

Report this User

Report this user for behavior that violates our Community Guidelines.

Details: